Catholic University of Zimbabwe Library
Online Public Access Catalogue
(OPAC)

Ovid surveyed : (Record no. 3339)

MARC details
000 -LEADER
fixed length control field 00745cam a22002411 4500
001 - CONTROL NUMBER
control field 0000003463
005 - DATE AND TIME OF LATEST TRANSACTION
control field 20170406115036.0
008 - FIXED-LENGTH DATA ELEMENTS--GENERAL INFORMATION
fixed length control field 731015s1962 enk 000 0 eng
010 ## - LIBRARY OF CONGRESS CONTROL NUMBER
LC control number 62003290
015 ## - NATIONAL BIBLIOGRAPHY NUMBER
National bibliography number GB62-8278
035 ## - SYSTEM CONTROL NUMBER
-- (DLC) 62003290
035 ## - SYSTEM CONTROL NUMBER
System control number (OCoLC)717548
040 ## - CATALOGING SOURCE
Original cataloging agency DLC
Transcribing agency OTU
Modifying agency OCoLC
-- Uk
-- WaChenE
-- DLC
042 ## - AUTHENTICATION CODE
Authentication code emarc=LC PreMARC Retrospective Conversion Project
050 00 - LIBRARY OF CONGRESS CALL NUMBER
Classification number PA6537
Item number .W52
082 0# - DEWEY DECIMAL CLASSIFICATION NUMBER
Classification number 871
100 1# - MAIN ENTRY--PERSONAL NAME
Personal name Wilkinson, L. P.
245 10 - TITLE STATEMENT
Title Ovid surveyed :
Remainder of title an abridgement, for the general reader, of Ovid recalled.
260 ## - PUBLICATION, DISTRIBUTION, ETC.
Place of publication, distribution, etc. Cambridge [Eng.] :
Name of publisher, distributor, etc. University Press,
Date of publication, distribution, etc. 1962.
300 ## - PHYSICAL DESCRIPTION
Extent 235 p. ;
Dimensions 22 cm.
600 10 - SUBJECT ADDED ENTRY--PERSONAL NAME
Personal name Ovid,
Dates associated with a name 43 B.C.-17 A.D. or 18 A.D.
908 ## - PUT COMMAND PARAMETER (RLIN)
Put command parameter 140618
Holdings
Withdrawn status Lost status Source of classification or shelving scheme Damaged status Not for loan Home library Current library Shelving location Date acquired Total Checkouts Full call number Barcode Date last seen Copy number Price effective from Koha item type
          CUZ Harare Campus CUZ Harare Campus Open Shelf 06.04.2017   PA 6537. O8 BK0004050 22.05.2025 CU5083 06.04.2017 OS Book

OPENING HOURS

Weekdays: 0815hrs - 1800hrs
Weekends:0900hrs - 1200hrs

Closed for Mass:

Mon, Thur: 1200hrs - 1300hrs
Sunday & Public Holiday’s

CALL SUPPORT

0242-570570, 0242-570169
09200664, +263 8644140602

LOCATION

18443, Cranborne Avenue, Hatfield, Harare

Other Links


©2021 | CUZ Library